Business Laws: (Record no. 196584)

MARC details
000 -LEADER
fixed length control field 00588 a2200193 4500
005 - DATE AND TIME OF LATEST TRANSACTION
control field 20230718101731.0
010 ## - LCCN (DPL NO)
LC control number ENG-137414
020 ## - INTERNATIONAL STANDARD BOOK NUMBER
International Standard Book Number 9789350717325
Terms of availability 375.00
035 ## - SYSTEM CONTROL NUMBER
System control number EN-120946
037 ## - SOURCE OF ACQUISITION
Source of stock number/acquisition DBAD/Pub
082 14 - DEWEY DECIMAL CLASSIFICATION NUMBER
Classification number 346.07
100 ## - MAIN ENTRY--PERSONAL NAME
Personal name Arora, Sushma
245 1# - TITLE STATEMENT
Title Business Laws:
Statement of responsibility, etc By Sushma Arora
Remainder of title Choice Based Credit System/
250 ## - EDITION STATEMENT
Edition statement 3rd edition.
260 ## - PUBLICATION, DISTRIBUTION, ETC. (IMPRINT)
Place of publication, distribution, etc Delhi
Name of publisher, distributor, etc Taxmann Publishing (p.) Ltd.
Date of publication, distribution, etc July,2015
270 ## - ADDRESS
Address 59/32, New Rohtak Road,
City New Delhi
Postal code 110005
300 ## - PHYSICAL DESCRIPTION
Extent v.p.;
Dimensions 24cm(pbk)
942 ## - ADDED ENTRY ELEMENTS (KOHA)
Item type English Books
Source of classification or shelving scheme Dewey Decimal Classification
Classification part 346.07
Call number suffix SUS
Edition 3rd edition
Holdings
Withdrawn status Lost status Not for loan Collection code Home library Current library Date acquired Source of acquisition Cost, normal purchase price Full call number Barcode Copy number Cost, replacement price Koha item type
      Non-fiction Narela Narela 17/07/2023 DBAD/PUB 375.00 346.07 SUS EN-120946 1 375.00 English Books

© Delhi Public Library
Hit Counter
free hit counter